000 00480nam a22002057a 4500
003 bpm
005 20260421084933.0
008 260421b |||||||| |||| 00| p spa d
020 _a9509635049
024 _aS. C. C. / M. C. y E. M.:
040 _aAR-CtUCP
041 _aspa
080 _aCDU
100 _aHerrera Juan Carlos
245 _aItinerario en julio
260 _aSan Juan
_bMartín
_c1992
650 _aLiteratura - Poesía
942 _cLIB
999 _c76671
_d76671